000 00242nam a22001097a 4500
082 _a954.91 ZAF'T
100 _aZAFAR, S. M
_946442
245 _aTHROUGH THE CRISIS
260 _aLAHORE
_bBOOK CENTRE
_c1970
300 _aXI, 262P
942 _cBK
999 _c584793
_d584793